| 000 | 00488nam a2200181 i 4500 | ||
|---|---|---|---|
| 001 | bg | ||
| 100 | 1 | _aBAFIA, Jerzy | |
| 245 | 0 |
_aKodeks karny : _bkomentarz / _cJ. Bafia, K. Mioduski, M. Siewierski. T.1: Część ogólna. |
|
| 250 | _aWyd.3 por. i uzup. | ||
| 260 |
_aWarszawa, _c1987. |
||
| 700 | 1 | _aMIODUSKI, Kryspin | |
| 700 | 1 | _aSIEWIERSKI, Mieczysław | |
| 040 | _cBPK | ||
| 041 | _apol | ||
| 080 | _a343(438)"19" | ||
| 942 | _cKS | ||
| 008 | s pl f |000 0 pol | ||
| 999 |
_c23732 _d23732 |
||
| 856 |
_uhttp://koha.tu.koszalin.pl/cgi-bin/koha/opac-detail.pl?biblionumber=23732 _yKatalog online BPK |
||